Pourcentages #1 - Statistiques

Statistiques générales
  • Ce quiz a été pris 55 fois
  • Le résultat moyen est 16 sur 20
Statistiques - réponses
Pourcentage Coefficient % Correct
+15% 1.15
100%
+65% 1.65
92%
+0.2% 1.002
90%
+42% 1.42
87%
+50% 1.5
87%
+6% 1.06
85%
-84% 0.16
83%
-10% 0.9
83%
-42% 0.58
81%
-36% 0.64
81%
-5% 0.95
81%
-25% 0.75
79%
-20% 0.8
79%
+19.6% 1.196
79%
+54% 1.54
79%
-98.5% 0.015
77%
-55% 0.45
77%
-34% 0.66
77%
-0.5% 0.995
73%
+200% 3
71%
Aucun quiz correspondant
Distribution des résultats
% des personnes avec chaque résultat
Percentile par nombre de réponses
Votre historique - résultats
Vous n’avez pas pris ce quiz